LEADER 02587nam 2200637 a 450 001 9910790980303321 005 20230328153500.0 010 $a3-11-082288-1 024 7 $a10.1515/9783110822885 035 $a(CKB)2550000001191812 035 $a(EBL)934953 035 $a(OCoLC)806205943 035 $a(SSID)ssj0000560180 035 $a(PQKBManifestationID)12215654 035 $a(PQKBTitleCode)TC0000560180 035 $a(PQKBWorkID)10569848 035 $a(PQKB)10804611 035 $a(MiAaPQ)EBC934953 035 $a(DE-B1597)43416 035 $a(OCoLC)979587091 035 $a(DE-B1597)9783110822885 035 $a(Au-PeEL)EBL934953 035 $a(CaPaEBR)ebr10588223 035 $a(CaONFJC)MIL571220 035 $a(EXLCZ)992550000001191812 100 $a19840112e19842010 uy 0 101 0 $aeng 135 $aur|n|---||||| 181 $ctxt$2rdacontent 182 $cc$2rdamedia 183 $acr$2rdacarrier 200 10$aRussian and Slavic grammar $estudies 1931-1981 /$fRoman Jakobson ; edited by Linda R. Waugh and Morris Halle 205 $aReprint 2010 210 1$aBerlin ;$aNew York :$cMouton Publishers,$d1984. 215 $a1 online resource (176 pages) $ccharts 225 0 $aJanua Linguarum. Series Maior ;$v106 300 $aDescription based upon print version of record. 311 0 $a90-279-3029-5 311 0 $a1-306-39969-6 320 $aIncludes bibliographies. 327 $tFrontmatter --$t1 Structure of the Russian Verb --$t2 Russian Conjugation --$t3 Relationship between Russian Stem Suffixes and Verbal Aspects --$t4 Structure of the Russian and Ukrainian Imperative --$t5 Shifters, Verbal Categories, and the Russian Verb --$t6 Contribution to the General Theory of Case: General Meanings of the Russian Cases --$t7 Morphological Observations on Slavic Declension (The Structure of Russian Case Forms) --$t8 The Relationship between Genitive and Plural in the Declension of Russian Nouns --$t9 The Gender Pattern of Russian --$t10 Notes on the Declension of Pronouns in Contemporary Russian --$t11 Zero Sign 410 0$aJanua Linguarum. Series Maior 606 $aRussian language$xGrammar 615 0$aRussian language$xGrammar. 676 $a491.75 686 $aKD 1560$2rvk 700 $aJakobson$b Roman$f1896-1982.$0126074 701 $aWaugh$b Linda R$0153914 701 $aHalle$b Morris$0157310 801 0$bMiAaPQ 801 1$bMiAaPQ 801 2$bMiAaPQ 906 $aBOOK 912 $a9910790980303321 996 $aRussian and Slavic grammar$93674087 997 $aUNINA LEADER 03354oam 2200817I 450 001 9910783728203321 005 20210114013900.0 010 $a1-135-36275-0 010 $a1-135-36276-9 010 $a1-280-42871-6 010 $a9786610428717 010 $a0-203-00722-0 024 7 $a10.4324/9780203007228 035 $a(CKB)1000000000247647 035 $a(EBL)165057 035 $a(OCoLC)437073320 035 $a(SSID)ssj0000100692 035 $a(PQKBManifestationID)11982262 035 $a(PQKBTitleCode)TC0000100692 035 $a(PQKBWorkID)10021287 035 $a(PQKB)10657643 035 $a(SSID)ssj0000276755 035 $a(PQKBManifestationID)11237831 035 $a(PQKBTitleCode)TC0000276755 035 $a(PQKBWorkID)10232821 035 $a(PQKB)10882153 035 $a(OCoLC)900233996 035 $a(MiAaPQ)EBC165057 035 $a(PPN)198450486 035 $a(EXLCZ)991000000000247647 100 $a20180331d1999 ub 0 101 0 $aeng 135 $aur|n|---||||| 181 $ctxt 182 $cc 183 $acr 200 10$aAir power in the age of total war /$fJohn Buckley 210 1$aBloomington, Ind. :$cIndiana University Press,$d1999. 215 $a1 online resource (273 p.) 225 1 $aWarfare and History 300 $aDescription based upon print version of record. 311 $a1-85728-589-1 311 $a1-85728-588-3 320 $aIncludes bibliographical references (pages 246-250) and index. 327 $aPreliminaries; Contents; List of tables; Acknowledgements; Glossary; 1 Air power in the age of total war; 2 The birth of air power; 3 The First World War 1914 18; 4 The development of air power doctrine and theory 1918 39; 5 Global air power 1918 39; 6 The war in Europe 1939 45; 7 The war in the Far East 1937 45; 8 Air power and the post war world; 9 Conclusions; Notes; Select bibliography; Index 330 $aWarfare in the first half of the 20th century was fundamentally and irrovocably altered by the birth and subsequent development of air power. This work assesses the role of air power in changing the face of battle on land and sea. Utilizing late-1990s research, the author demonstrates that the phenomenon of air power was both a cause and a crucial accelerating factor contributing to the theory and practice of total war. For instance, the expansion of warfare to the homefront was a direct result of bombing and indirectly due to the extent of national economic mobilization required to support fi 410 0$aWarfare and History 606 $aAeronautics, Military 606 $aAeronautics, Military 606 $aAir power 606 $aHistory 606 $aAir Forces$2HILCC 606 $aMilitary & Naval Science$2HILCC 606 $aLaw, Politics & Government$2HILCC 615 4$aAeronautics, Military. 615 4$aAeronautics, Military. 615 4$aAir power. 615 4$aHistory. 615 7$aAir Forces 615 7$aMilitary & Naval Science 615 7$aLaw, Politics & Government 676 $a358.4 676 $a358.400904 700 $aBuckley$b John$f(John D.),$0867098 801 0$bAU-PeEL 801 1$bAU-PeEL 801 2$bAU-PeEL 906 $aBOOK 912 $a9910783728203321 996 $aAir power in the age of total war$93773244 997 $aUNINA